[Event "Oberliga Ost B"]
[Site "?"]
[Date "2022.05.21"]
[Round "4.8"]
[White "Schneider, Wolfram"]
[Black "Schramm, Matthias"]
[Result "1-0"]
[WhiteElo "2003"]
[BlackElo "1973"]
[PlyCount "65"]
[EventDate "2021.10.10"]
[EventType "team-tourn"]
[EventCountry "GER"]
[WhiteTeam "Marburg SK"]
[BlackTeam "Homburg Bad SK"]
[WhiteTeamCountry "GER"]
[BlackTeamCountry "GER"]

1. d4 e6 2. Nf3 d5 3. c4 c6 4. Qc2 Bd6 5. e3 Nf6 6. Nc3 Nbd7 7. Bd2 Qe7 8. e4
Nxe4 9. Nxe4 dxe4 10. Qxe4 Nf6 11. Qh4 Bd7 12. Bd3 h6 13. O-O O-O-O 14. Ne5 g5
15. Qg3 Rdg8 16. Qe3 h5 17. Bc3 Ng4 18. Qe2 f6 19. Nf3 h4 20. Rfe1 Nh6 21. c5
Bc7 22. Bc4 Re8 23. b4 g4 24. Nd2 g3 25. h3 gxf2+ 26. Qxf2 Bg3 27. Qf3 Bxe1 28.
Rxe1 f5 29. d5 cxd5 30. Bxd5 Rhg8 31. Bxb7+ Kd8 32. Qf4 Qg5 33. Qb8+ 1-0

[Event "Oberliga Ost B"]
[Site "?"]
[Date "2022.05.21"]
[Round "4.1"]
[White "Konopka, Michal"]
[Black "Heinz, Axel"]
[Result "1/2-1/2"]
[WhiteElo "2380"]
[BlackElo "2434"]
[PlyCount "41"]
[EventDate "2021.10.10"]
[EventType "team-tourn"]
[EventCountry "GER"]
[WhiteTeam "Schoeneck SF"]
[BlackTeam "Oberursel SV"]
[WhiteTeamCountry "GER"]
[BlackTeamCountry "GER"]

1. Nf3 Nf6 2. c4 e6 3. g3 d5 4. Bg2 dxc4 5. Qa4+ c6 6. Qxc4 b5 7. Qb3 Bb7 8. a4
b4 9. Na3 c5 10. Nc4 Be7 11. O-O O-O 12. Qc2 Nc6 13. b3 Rc8 14. Bb2 h6 15. Rad1
Qc7 16. Qb1 Rfd8 17. Qa1 Ne8 18. Rc1 Bf6 19. Bxf6 Nxf6 20. Rfd1 Qe7 21. Qb2
1/2-1/2

[Event "Oberliga Ost B"]
[Site "?"]
[Date "2022.05.21"]
[Round "4.2"]
[White "Margolin, Boris"]
[Black "Heinatz, Thomas"]
[Result "1-0"]
[WhiteElo "2403"]
[BlackElo "2291"]
[PlyCount "55"]
[EventDate "2021.10.10"]
[EventType "team-tourn"]
[EventCountry "GER"]
[WhiteTeam "Oberursel SV"]
[BlackTeam "Schoeneck SF"]
[WhiteTeamCountry "GER"]
[BlackTeamCountry "GER"]

1. e4 c5 2. Nf3 d6 3. c3 Nf6 4. Bd3 g6 5. Bc2 Bg7 6. d4 O-O 7. h3 Nc6 8. d5 Ne5
9. Nxe5 dxe5 10. c4 Ne8 11. Nc3 Nd6 12. Qe2 b6 13. Bd2 a6 14. a4 Bd7 15. Bd3
Rb8 16. O-O f5 17. f4 Qc7 18. Rae1 fxe4 19. Bxe4 b5 20. cxb5 axb5 21. Bb1 Nc4
22. Ba2 Kh8 23. Bxc4 bxc4 24. fxe5 Rxf1+ 25. Qxf1 Bxe5 26. Bh6 Qd6 27. Kh1 Bf5
28. Rxe5 1-0

[Event "Oberliga Ost B"]
[Site "?"]
[Date "2022.05.21"]
[Round "4.3"]
[White "Nazarenus, Moritz"]
[Black "Dubiel, Jacek"]
[Result "1/2-1/2"]
[WhiteElo "2228"]
[BlackElo "2412"]
[PlyCount "62"]
[EventDate "2021.10.10"]
[EventType "team-tourn"]
[EventCountry "GER"]
[WhiteTeam "Schoeneck SF"]
[BlackTeam "Oberursel SV"]
[WhiteTeamCountry "GER"]
[BlackTeamCountry "GER"]

1. d4 Nf6 2. c4 e6 3. Nf3 Bb4+ 4. Nbd2 b6 5. g3 Bb7 6. Bg2 O-O 7. O-O d5 8.
cxd5 exd5 9. a3 Bd6 10. b4 Re8 11. Re1 Nbd7 12. Qc2 h6 13. Nh4 c5 14. dxc5 bxc5
15. Nf5 Bf8 16. bxc5 Nxc5 17. Nb3 Nce4 18. Be3 Qd7 19. Bh3 Qa4 20. Nbd4 Qxc2
21. Nxc2 Bc8 22. Kg2 Ng5 23. Bxg5 hxg5 24. f3 Rb8 25. Nb4 g6 26. Nd4 Bxh3+ 27.
Kxh3 Bxb4 28. axb4 Rxb4 29. Nc6 Rb2 30. Rxa7 Rd2 31. Re7 Rxe7 1/2-1/2

[Event "Oberliga Ost B"]
[Site "?"]
[Date "2022.05.21"]
[Round "4.5"]
[White "Kirchner, Markus"]
[Black "Weber, Samuel"]
[Result "1/2-1/2"]
[WhiteElo "1983"]
[BlackElo "2263"]
[PlyCount "105"]
[EventDate "2021.10.10"]
[EventType "team-tourn"]
[EventCountry "GER"]
[WhiteTeam "Schoeneck SF"]
[BlackTeam "Oberursel SV"]
[WhiteTeamCountry "GER"]
[BlackTeamCountry "GER"]

1. e4 e5 2. Nf3 Nc6 3. Bc4 Bc5 4. c3 Nf6 5. d4 exd4 6. e5 d5 7. Bb5 Ne4 8. cxd4
Bb6 9. Nc3 O-O 10. Be3 Nxc3 11. bxc3 Bg4 12. h3 Bh5 13. Qc2 Bg6 14. Bd3 Bxd3
15. Qxd3 f6 16. exf6 Qxf6 17. Ng5 Qf5 18. Qxf5 Rxf5 19. Nf3 Na5 20. Ne5 c5 21.
g4 cxd4 22. cxd4 Rf6 23. Rc1 Nc6 24. Nxc6 bxc6 25. Ke2 Kf7 26. Rc3 Ke8 27. Kd3
Kd7 28. Rcc1 Re8 29. Rce1 Re4 30. f4 Rfe6 31. f5 Re8 32. Bf2 Rf4 33. Rxe8 Kxe8
34. Be3 Rf3 35. Ke2 Rg3 36. Kf2 Bc7 37. g5 Kd7 38. a4 a5 39. h4 Rg4 40. Kf3 Re4
41. h5 Bd8 42. Rg1 Re8 43. Bf4 Bb6 44. Rd1 Re4 45. Be5 Bc7 46. Bxc7 Kxc7 47.
Rg1 Kd7 48. Rg4 Re1 49. Kf2 Re7 50. Kf3 Re1 51. Rg2 Rf1+ 52. Kg4 Ke7 53. Re2+
1/2-1/2

[Event "Oberliga Ost B"]
[Site "?"]
[Date "2022.05.21"]
[Round "4.6"]
[White "Schlamp, Robert"]
[Black "Weiss, Matthias"]
[Result "1-0"]
[WhiteElo "2264"]
[BlackElo "2036"]
[PlyCount "65"]
[EventDate "2021.10.10"]
[EventType "team-tourn"]
[EventCountry "GER"]
[WhiteTeam "Oberursel SV"]
[BlackTeam "Schoeneck SF"]
[WhiteTeamCountry "GER"]
[BlackTeamCountry "GER"]

1. e4 c5 2. Nf3 e6 3. d3 d5 4. Nbd2 Nc6 5. g3 g6 6. Bg2 Bg7 7. O-O Nge7 8. Nh4
b6 9. f4 a5 10. e5 Ra7 11. Ndf3 O-O 12. Re1 f6 13. c3 fxe5 14. fxe5 Nf5 15.
Nxf5 Rxf5 16. d4 cxd4 17. cxd4 Qf8 18. Be3 Qb4 19. Qc2 Bd7 20. a3 Qc4 21. Qd2
Qa6 22. Rf1 Rf8 23. Bh3 Ne7 24. g4 Bb5 25. Rf2 Nc6 26. Ng5 Rxf2 27. Qxf2 Nd8
28. Nxh7 Kxh7 29. Qh4+ Kg8 30. Qxd8+ Kh7 31. Rc1 Rf7 32. Rc8 Bf8 33. Rc7 1-0

[Event "Oberliga Ost B"]
[Site "?"]
[Date "2022.05.21"]
[Round "4.7"]
[White "Schaack, Harry"]
[Black "Chandler, Patrick"]
[Result "1-0"]
[WhiteElo "2189"]
[BlackElo "2165"]
[PlyCount "81"]
[EventDate "2021.10.10"]
[EventType "team-tourn"]
[EventCountry "GER"]
[WhiteTeam "Schoeneck SF"]
[BlackTeam "Oberursel SV"]
[WhiteTeamCountry "GER"]
[BlackTeamCountry "GER"]

1. e4 d5 2. exd5 Qxd5 3. Nf3 Nf6 4. d4 Bg4 5. Be2 c6 6. c4 Qa5+ 7. Bd2 Qc7 8.
Ne5 Bxe2 9. Qxe2 e6 10. f4 Be7 11. Nc3 Nbd7 12. O-O-O b5 13. f5 bxc4 14. Nxf7
Rf8 15. Ng5 O-O-O 16. Nxe6 Qb7 17. Nxd8 Bxd8 18. Qxc4 Nb6 19. Qb3 Nfd5 20. Nxd5
Nxd5 21. Qxb7+ Kxb7 22. g4 Bf6 23. Bc3 h5 24. h3 Kb6 25. Rde1 Rh8 26. Kc2 Bh4
27. Re6 Bf6 28. Rg1 hxg4 29. hxg4 Rh2+ 30. Kb3 Rh3 31. Re4 Bg5 32. Kc2 Kb5 33.
Re6 Rh2+ 34. Kb3 Rh3 35. a4+ Kb6 36. Rg6 Bf6 37. Kc2 Rf3 38. g5 Be7 39. Rxg7
Rxf5 40. g6 Rf2+ 41. Kb3 1-0

[Event "Oberliga Ost B"]
[Site "?"]
[Date "2022.05.21"]
[Round "4.8"]
[White "Neininger, Ralph"]
[Black "Mueller, Achim"]
[Result "1/2-1/2"]
[WhiteElo "2127"]
[BlackElo "2102"]
[PlyCount "121"]
[EventDate "2021.10.10"]
[EventType "team-tourn"]
[EventCountry "GER"]
[WhiteTeam "Oberursel SV"]
[BlackTeam "Schoeneck SF"]
[WhiteTeamCountry "GER"]
[BlackTeamCountry "GER"]

1. Nf3 Nf6 2. c4 c5 3. Nc3 e6 4. g3 b6 5. Bg2 Bb7 6. O-O Be7 7. b3 O-O 8. Bb2
a6 9. Rc1 d6 10. d4 cxd4 11. Nxd4 Bxg2 12. Kxg2 Qc7 13. e4 Nbd7 14. Qe2 Rfe8
15. Rfd1 Rad8 16. f3 Qb7 17. Qf2 Bf8 18. Rd2 g6 19. Rcd1 Ne5 20. Nc2 Rd7 21. a4
Rc8 22. h3 Ne8 23. Ne3 Nc6 24. Ng4 Na5 25. Rd3 Nxb3 26. Nd5 exd5 27. Rxb3 dxe4
28. Rxb6 exf3+ 29. Kh2 Qc7 30. Qxf3 Qxb6 31. Nf6+ Kh8 32. Bd4 Qxd4 33. Rxd4
Nxf6 34. Qxf6+ Bg7 35. Qf4 Bxd4 36. Qxd4+ Kg8 37. h4 Rc5 38. Qe4 Rdc7 39. Qa8+
Kg7 40. Qxa6 R7c6 41. Qb7 Rxc4 42. a5 Rc2+ 43. Kh3 Rc7 44. Qb8 h5 45. a6 Re7
46. Qxd6 Ree2 47. Qd4+ Kh7 48. g4 Rh2+ 49. Kg3 Rhg2+ 50. Kf3 hxg4+ 51. Kf4 Rgd2
52. Qa7 Kg7 53. Qb8 Rd4+ 54. Ke3 Ra4 55. Qe5+ Kh7 56. Qf6 Ra3+ 57. Kd4 Rf3 58.
Qe7 Ra2 59. a7 Rfa3 60. Qxf7+ Kh8 61. Qe8+ 1/2-1/2

[Event "Oberliga Ost B"]
[Site "?"]
[Date "2022.05.22"]
[Round "5.1"]
[White "Teske, Henrik"]
[Black "Di Capua, Francesco Stefano"]
[Result "1-0"]
[WhiteElo "2462"]
[BlackElo "1957"]
[PlyCount "67"]
[EventDate "2021.10.10"]
[EventType "team-tourn"]
[EventCountry "GER"]
[WhiteTeam "Erfurt SV Empor"]
[BlackTeam "Gernsheim SK"]
[WhiteTeamCountry "GER"]
[BlackTeamCountry "GER"]

1. c4 b6 2. Nc3 Bb7 3. e4 e6 4. g3 Bb4 5. Nge2 f5 6. Bg2 Nf6 7. d3 fxe4 8. O-O
O-O 9. Bg5 Be7 10. dxe4 Ng4 11. Bxe7 Qxe7 12. b3 d6 13. Qd2 Nc6 14. Rae1 Rad8
15. h3 Nf6 16. f4 Kh8 17. Kh2 Ba8 18. Rd1 a6 19. Qe3 Nd7 20. Nc1 Qe8 21. Nd3
Qh5 22. b4 Qh6 23. Kg1 Nde5 24. Nxe5 dxe5 25. Rxd8 Rxd8 26. b5 axb5 27. Nxb5
Nd4 28. Nxc7 exf4 29. gxf4 e5 30. Nd5 Bxd5 31. exd5 Re8 32. Qe4 Qh5 33. fxe5
Ne2+ 34. Kh2 1-0

[Event "Oberliga Ost B"]
[Site "?"]
[Date "2022.05.22"]
[Round "5.2"]
[White "Neumann, Martin"]
[Black "Langheinrich, Ferenc"]
[Result "0-1"]
[WhiteElo "2121"]
[BlackElo "2359"]
[PlyCount "80"]
[EventDate "2021.10.10"]
[EventType "team-tourn"]
[EventCountry "GER"]
[WhiteTeam "Gernsheim SK"]
[BlackTeam "Erfurt SV Empor"]
[WhiteTeamCountry "GER"]
[BlackTeamCountry "GER"]

1. d4 Nf6 2. Bg5 e6 3. e4 h6 4. Bxf6 Qxf6 5. Nc3 Qd8 6. Qd2 d5 7. O-O-O c6 8.
f4 Bb4 9. Bd3 dxe4 10. Bxe4 Nd7 11. Kb1 Nf6 12. Bf3 Bd7 13. a3 Bd6 14. Nge2 Qc7
15. Ne4 Nxe4 16. Bxe4 O-O-O 17. Rhf1 Kb8 18. Rf3 f5 19. Bd3 c5 20. Qc3 g5 21.
dxc5 g4 22. Rff1 Qxc5 23. Bc4 Bc8 24. Nc1 b5 25. Rxd6 Qxd6 26. Bxb5 Bb7 27. Nd3
Rc8 28. Qb3 Qb6 29. Re1 a6 30. Bc4 Qxb3 31. Bxb3 Rhe8 32. Bxe6 Rcd8 33. Re5 Be4
34. Nc5 Bxg2 35. Rxf5 Rd1+ 36. Ka2 Rxe6 37. Nxe6 Bd5+ 38. b3 Bxe6 39. Rf6 Bc8
40. Rxh6 Rf1 0-1

[Event "Oberliga Ost B"]
[Site "?"]
[Date "2022.05.22"]
[Round "5.3"]
[White "Urban, Lars"]
[Black "Hebbering, Tom Elliot"]
[Result "0-1"]
[WhiteElo "2201"]
[BlackElo "2227"]
[PlyCount "120"]
[EventDate "2021.10.10"]
[EventType "team-tourn"]
[EventCountry "GER"]
[WhiteTeam "Erfurt SV Empor"]
[BlackTeam "Gernsheim SK"]
[WhiteTeamCountry "GER"]
[BlackTeamCountry "GER"]

1. d4 d5 2. c4 e6 3. Nc3 Bb4 4. Nf3 Nf6 5. Qa4+ Nc6 6. Bg5 h6 7. Bxf6 Qxf6 8.
Ne5 Bd7 9. Nxc6 Bxc3+ 10. bxc3 Bxc6 11. Qb4 dxc4 12. e3 Qe7 13. Qxe7+ Kxe7 14.
Bxc4 Bxg2 15. Rg1 Be4 16. Ke2 g6 17. f3 Bd5 18. Bxd5 exd5 19. Rab1 b6 20. e4 c6
21. Kd3 g5 22. a4 Rab8 23. exd5 cxd5 24. Rge1+ Kd6 25. Re5 f6 26. Re2 Rhe8 27.
Rxe8 Rxe8 28. a5 Kc6 29. axb6 axb6 30. Ra1 f5 31. Ra7 f4 32. Rh7 Re3+ 33. Kd2
Rxf3 34. Rxh6+ Kb5 35. Rd6 Kc4 36. Rc6+ Kb5 37. Rd6 Rh3 38. Rxd5+ Kc4 39. Rxg5
Rxh2+ 40. Ke1 Kxc3 41. Rg6 b5 42. d5 Rh5 43. Rc6+ Kb3 44. d6 Rd5 45. Ke2 b4 46.
Kf3 Rd4 47. Kg4 Ka4 48. Kf5 Kb5 49. Rc1 Rxd6 50. Kxf4 Re6 51. Rb1 Kc4 52. Rc1+
Kb3 53. Rc8 Kb2 54. Rb8 b3 55. Kf3 Kc2 56. Rc8+ Kb1 57. Rb8 b2 58. Kf2 Ra6 59.
Ke2 Ka2 60. Kd2 b1=Q 0-1

[Event "Oberliga Ost B"]
[Site "?"]
[Date "2022.05.22"]
[Round "5.4"]
[White "Dietz, Holger"]
[Black "Reucker, Friedrich"]
[Result "1-0"]
[WhiteElo "2293"]
[BlackElo "1981"]
[PlyCount "89"]
[EventDate "2021.10.10"]
[EventType "team-tourn"]
[EventCountry "GER"]
[WhiteTeam "Gernsheim SK"]
[BlackTeam "Erfurt SV Empor"]
[WhiteTeamCountry "GER"]
[BlackTeamCountry "GER"]

1. d4 d5 2. c4 e6 3. Nf3 Nf6 4. g3 Be7 5. Bg2 O-O 6. O-O dxc4 7. Qc2 a6 8. a4
b6 9. Ne5 Ra7 10. Qxc4 Bb7 11. Bxb7 Rxb7 12. Nc3 c5 13. Rd1 Qc8 14. Be3 Rc7 15.
d5 Nxd5 16. Nxd5 exd5 17. Rxd5 Nc6 18. Nxc6 Rxc6 19. Rad1 Rd8 20. Rxd8+ Bxd8
21. Qxa6 Bf6 22. Qb5 Qe6 23. b3 h5 24. Qc4 Rd6 25. Rxd6 Qxd6 26. h4 g6 27. Kg2
Kg7 28. Qe4 Qd7 29. f3 Qd6 30. Qd3 Qe5 31. Bf4 Qa1 32. Bc7 Bd4 33. e3 Qb2+ 34.
Kf1 Qc1+ 35. Ke2 Bc3 36. Qd1 Qb2+ 37. Kd3 Bb4 38. Ke4 f5+ 39. Kd5 Kf7 40. Kc6
Bd2 41. Qe2 Qf6+ 42. Kb7 Ba5 43. Qc4+ Ke8 44. Qg8+ Kd7 45. Qc8+ 1-0

[Event "Oberliga Ost B"]
[Site "?"]
[Date "2022.05.22"]
[Round "5.5"]
[White "Michalowski, Peter"]
[Black "Mueller, Maximilian"]
[Result "1/2-1/2"]
[WhiteElo "2107"]
[BlackElo "2299"]
[PlyCount "88"]
[EventDate "2021.10.10"]
[EventType "team-tourn"]
[EventCountry "GER"]
[WhiteTeam "Erfurt SV Empor"]
[BlackTeam "Gernsheim SK"]
[WhiteTeamCountry "GER"]
[BlackTeamCountry "GER"]

1. e4 c5 2. Nf3 a6 3. c3 e6 4. d3 d5 5. Nbd2 Nf6 6. g3 b5 7. Bg2 Bb7 8. e5 Nfd7
9. O-O Nc6 10. Re1 Qc7 11. Qe2 Be7 12. Nf1 a5 13. a3 b4 14. axb4 cxb4 15. c4
dxc4 16. dxc4 a4 17. Bf4 O-O 18. h4 Nb6 19. Rac1 Na5 20. Ne3 Nb3 21. Rcd1 Rad8
22. Ng5 Bxg5 23. hxg5 Bxg2 24. Kxg2 Qc6+ 25. f3 Nd4 26. Qf2 Rd7 27. Ng4 Rfd8
28. Re4 Nf5 29. Rxd7 Rxd7 30. Nf6+ gxf6 31. gxf6 h5 32. Qg1 Kf8 33. Qh2 Ke8 34.
Qxh5 Kd8 35. Qh2 Nxc4 36. Qg1 Nd2 37. Bxd2 Rxd2+ 38. Kh3 Rd3 39. Rxb4 Ne3 40.
Re4 Qc2 41. Rxe3 Rd1 42. Re1 Qh7+ 43. Kg4 Qg6+ 44. Kh4 Qh6+ 1/2-1/2

[Event "Oberliga Ost B"]
[Site "?"]
[Date "2022.05.22"]
[Round "5.6"]
[White "Peterson, Emery"]
[Black "Rempel, Patrick"]
[Result "1-0"]
[WhiteElo "2177"]
[BlackElo "2067"]
[PlyCount "71"]
[EventDate "2021.10.10"]
[EventType "team-tourn"]
[EventCountry "GER"]
[WhiteTeam "Gernsheim SK"]
[BlackTeam "Erfurt SV Empor"]
[WhiteTeamCountry "GER"]
[BlackTeamCountry "GER"]

1. d4 Nf6 2. e3 g6 3. f4 Bg7 4. Nf3 d6 5. c4 O-O 6. Nc3 c6 7. e4 Nbd7 8. e5 Ng4
9. Ng5 Nh6 10. Bd3 Qb6 11. Qe2 dxe5 12. dxe5 Nc5 13. Bc2 Nf5 14. Nf3 Rd8 15.
Rb1 Be6 16. g4 Nh6 17. f5 Bc8 18. b4 Na6 19. Na4 Qc7 20. e6 b5 21. Nb2 Nxb4 22.
Be4 fxe6 23. fxg6 Nxa2 24. gxh7+ Kh8 25. Nh4 Bc3+ 26. Kf1 Nxc1 27. Ng6+ Kxh7
28. Rxc1 Rd2 29. Qe3 Bxb2 30. Qxd2 Bxc1 31. Qxc1 Nf7 32. Qc3 e5 33. Nxe5+ Kg8
34. Ng6 Bxg4 35. Rg1 Rf8 36. Rxg4 1-0

[Event "Oberliga Ost B"]
[Site "?"]
[Date "2022.05.22"]
[Round "5.7"]
[White "Nicolai, Tim"]
[Black "Schupp, Uwe"]
[Result "1-0"]
[WhiteElo "1945"]
[BlackElo "2104"]
[PlyCount "69"]
[EventDate "2021.10.10"]
[EventType "team-tourn"]
[EventCountry "GER"]
[WhiteTeam "Erfurt SV Empor"]
[BlackTeam "Gernsheim SK"]
[WhiteTeamCountry "GER"]
[BlackTeamCountry "GER"]

1. e4 d6 2. Nc3 Nf6 3. f4 d5 4. e5 d4 5. Nce2 Nd5 6. Nxd4 Nxf4 7. Ngf3 Bg4 8.
d3 Ng6 9. e6 fxe6 10. h3 e5 11. Nb3 Be6 12. d4 Qd5 13. Ng5 exd4 14. Nxe6 Qxe6+
15. Be2 Qd6 16. O-O Nc6 17. Bg4 Nce5 18. Bf4 Nxf4 19. Rxf4 Nxg4 20. Qxg4 c5 21.
Qf5 b6 22. Qf7+ Kd7 23. Re1 Rd8 24. c3 d3 25. Ra4 a5 26. Rae4 Kc8 27. Re6 Qd5
28. Qf4 d2 29. Nxd2 Qxd2 30. Rc6+ Kb7 31. Qc7+ Ka8 32. Ree6 Qd7 33. Qxb6 Rb8
34. Qxa5+ Kb7 35. Qa6# 1-0

[Event "Oberliga Ost B"]
[Site "?"]
[Date "2022.05.22"]
[Round "5.8"]
[White "Lukas, Anne"]
[Black "Reuter, Elisa"]
[Result "1-0"]
[WhiteElo "2040"]
[BlackElo "1884"]
[PlyCount "79"]
[EventDate "2021.10.10"]
[EventType "team-tourn"]
[EventCountry "GER"]
[WhiteTeam "Gernsheim SK"]
[BlackTeam "Erfurt SV Empor"]
[WhiteTeamCountry "GER"]
[BlackTeamCountry "GER"]

1. Nf3 d5 2. g3 c5 3. Bg2 Nf6 4. c4 e6 5. O-O Be7 6. cxd5 exd5 7. d4 c4 8. Nc3
O-O 9. b3 Bb4 10. Bb2 Qa5 11. Qc2 b5 12. Nxd5 Nbd7 13. Nxb4 Qxb4 14. bxc4 bxc4
15. Bc3 Qd6 16. Ne5 Rb8 17. Nxc4 Qc7 18. Ba5 Nb6 19. Rfc1 Qxc4 20. Qxc4 Nxc4
21. Rxc4 Be6 22. Rc5 Rb2 23. d5 Bd7 24. e4 Rfb8 25. Rcc1 Ng4 26. Bc3 R2b5 27.
h3 Nf6 28. Bd4 a5 29. Rc7 Be8 30. Rac1 Rb4 31. R7c4 h6 32. a3 Rxc4 33. Rxc4
Rb1+ 34. Kh2 Rd1 35. Bc3 Rc1 36. Rc8 Kh7 37. e5 Nd7 38. Rxe8 Rxc3 39. Re7 Nb6
40. Be4+ 1-0

[Event "Oberliga Ost B"]
[Site "?"]
[Date "2022.05.22"]
[Round "5.1"]
[White "Wehner, Janis"]
[Black "Kunin, Vitaly"]
[Result "0-1"]
[WhiteElo "2135"]
[BlackElo "2539"]
[PlyCount "96"]
[EventDate "2021.10.10"]
[EventType "team-tourn"]
[EventCountry "GER"]
[WhiteTeam "Erfurt SV Medizin"]
[BlackTeam "Moerlenbach Birkenau Freibauer"]
[WhiteTeamCountry "GER"]
[BlackTeamCountry "GER"]

1. e4 d6 2. d4 Nf6 3. Nc3 Nbd7 4. Nf3 e5 5. Bc4 Be7 6. O-O O-O 7. Re1 a6 8.
dxe5 dxe5 9. Nd5 Nxd5 10. Bxd5 c6 11. Bb3 Qc7 12. Bg5 Nc5 13. Bxe7 Qxe7 14. Qe2
a5 15. Qe3 a4 16. Bc4 b5 17. Bf1 f6 18. b4 axb3 19. axb3 Be6 20. b4 Na4 21. c3
Rfd8 22. Rec1 Nb2 23. Ne1 Bc4 24. Rxa8 Rxa8 25. Nd3 Na4 26. Ra1 Rd8 27. Ne1
Bxf1 28. Kxf1 Qe6 29. Rc1 Qb3 30. Ke2 Qc4+ 31. Kf3 c5 32. bxc5 Nxc5 33. g3 Rd2
34. Rc2 Rxc2 35. Nxc2 Na4 36. Qa7 Nxc3 37. Qb8+ Kf7 38. Qb7+ Kg6 39. Ne3 Qe2+
40. Kg2 Qd3 41. Kf3 Qb1 42. Nf5 Qd3+ 43. Ne3 Ne2 44. h4 Nd4+ 45. Kg2 Qe2 46.
Nf5 Nxf5 47. exf5+ Kh5 48. Qb6 Qe4+ 0-1

[Event "Oberliga Ost B"]
[Site "?"]
[Date "2022.05.22"]
[Round "5.2"]
[White "Galdunts, Sergey"]
[Black "Nguyen, Huy Dat"]
[Result "1-0"]
[WhiteElo "2413"]
[BlackElo "2163"]
[PlyCount "97"]
[EventDate "2021.10.10"]
[EventType "team-tourn"]
[EventCountry "GER"]
[WhiteTeam "Moerlenbach Birkenau Freibauer"]
[BlackTeam "Erfurt SV Medizin"]
[WhiteTeamCountry "GER"]
[BlackTeamCountry "GER"]

1. e4 c5 2. Nf3 e6 3. d4 cxd4 4. Nxd4 a6 5. Be2 Nf6 6. Nc3 Qc7 7. O-O d6 8. f4
Nbd7 9. a4 b6 10. Bf3 Bb7 11. Qe2 Rc8 12. Be3 Be7 13. Rad1 O-O 14. g4 Rfd8 15.
g5 Ne8 16. Bg2 Qc4 17. Qh5 Qb4 18. f5 e5 19. Nb3 Bf8 20. Rd3 g6 21. fxg6 hxg6
22. Qh4 Bg7 23. Rf2 Nf8 24. Bd2 Qc4 25. Rdf3 Rc7 26. Bf1 Qe6 27. Be3 d5 28.
exd5 Bxd5 29. Nxd5 Rxd5 30. Bxa6 Rd1+ 31. Kg2 Rb1 32. Nd2 Rxb2 33. Bd3 Nd6 34.
Ne4 Nxe4 35. Qxe4 Qd6 36. Bc4 Ne6 37. Bb3 Rb1 38. Qa8+ Bf8 39. Qe4 Re1 40. Qh4
Qc6 41. Bxe6 Qxe6 42. Rd2 Rc1 43. Rh3 f5 44. Qh8+ Kf7 45. Rh7+ Ke8 46. Rd8+
Kxd8 47. Qxf8+ Qe8 48. Qd6+ Rd7 49. Qb8# 1-0

[Event "Oberliga Ost B"]
[Site "?"]
[Date "2022.05.22"]
[Round "5.3"]
[White "Jakob, Matthias"]
[Black "Legde, Georg"]
[Result "0-1"]
[WhiteElo "2096"]
[BlackElo "2315"]
[PlyCount "52"]
[EventDate "2021.10.10"]
[EventType "team-tourn"]
[EventCountry "GER"]
[WhiteTeam "Erfurt SV Medizin"]
[BlackTeam "Moerlenbach Birkenau Freibauer"]
[WhiteTeamCountry "GER"]
[BlackTeamCountry "GER"]

1. d4 Nf6 2. Nc3 d5 3. Bf4 e6 4. e3 a6 5. Nf3 c5 6. dxc5 Bxc5 7. Bd3 b5 8. O-O
Bb7 9. Ne5 Bd6 10. Qf3 b4 11. Ne2 Qc7 12. Qg3 Nh5 13. Qg5 Nxf4 14. exf4 O-O 15.
Nf3 Nd7 16. Rfe1 Rfe8 17. Rad1 Be7 18. Qh5 Nf6 19. Qh3 Bd6 20. Qh4 Rad8 21.
Nfd4 h6 22. Rc1 Qb6 23. g4 Bxf4 24. Nxf4 Qxd4 25. g5 hxg5 26. Qxg5 e5 0-1

[Event "Oberliga Ost B"]
[Site "?"]
[Date "2022.05.22"]
[Round "5.5"]
[White "Nguyen, Ha Thanh"]
[Black "Wohlfart, Paulus"]
[Result "1-0"]
[WhiteElo "1954"]
[BlackElo "2118"]
[PlyCount "41"]
[EventDate "2021.10.10"]
[EventType "team-tourn"]
[EventCountry "GER"]
[WhiteTeam "Erfurt SV Medizin"]
[BlackTeam "Moerlenbach Birkenau Freibauer"]
[WhiteTeamCountry "GER"]
[BlackTeamCountry "GER"]

1. e4 c5 2. Nf3 Nc6 3. d4 cxd4 4. Nxd4 e5 5. Nb5 a6 6. Nd6+ Bxd6 7. Qxd6 Qe7 8.
Qd1 Nf6 9. Nc3 h6 10. a3 b5 11. Bd3 O-O 12. O-O Bb7 13. Be3 Nd4 14. f4 d6 15.
fxe5 dxe5 16. h3 Rad8 17. Qe1 Rd6 18. Qg3 Nh7 19. Nd5 Bxd5 20. exd5 Rc8 21.
Bxd4 1-0

[Event "Oberliga Ost B"]
[Site "?"]
[Date "2022.05.22"]
[Round "5.6"]
[White "Schaefer, Michael"]
[Black "Kirschbaum, Gunnar"]
[Result "1/2-1/2"]
[WhiteElo "2123"]
[BlackElo "2044"]
[PlyCount "88"]
[EventDate "2021.10.10"]
[EventType "team-tourn"]
[EventCountry "GER"]
[WhiteTeam "Moerlenbach Birkenau Freibauer"]
[BlackTeam "Erfurt SV Medizin"]
[WhiteTeamCountry "GER"]
[BlackTeamCountry "GER"]

1. c4 g6 2. Nc3 Bg7 3. g3 c5 4. Bg2 Nc6 5. Nf3 e5 6. d3 h6 7. Nd2 d6 8. Nf1
Nge7 9. Ne3 a6 10. O-O O-O 11. a3 Rb8 12. Rb1 b5 13. cxb5 axb5 14. b4 cxb4 15.
axb4 Nd4 16. Ned5 Bb7 17. e3 Ne6 18. Bb2 Nxd5 19. Nxd5 Nc7 20. Qb3 Nxd5 21.
Bxd5 Bxd5 22. Qxd5 Qd7 23. Ra1 Rfc8 24. Ra6 Bf8 25. d4 Qb7 26. Qxb7 Rxb7 27.
dxe5 dxe5 28. Bxe5 Bxb4 29. Rfa1 Kf8 30. Ra7 Rxa7 31. Rxa7 Be7 32. Rb7 b4 33.
Kg2 f6 34. Bd4 Rc2 35. Kf3 f5 36. e4 Rc4 37. Bg7+ Kxg7 38. Rxe7+ Kf6 39. Rb7
Rxe4 40. h3 Rc4 41. Rb6+ Kg7 42. Rb7+ Kf6 43. Rb6+ Kg7 44. Rb7+ Kf6 1/2-1/2

[Event "Oberliga Ost B"]
[Site "?"]
[Date "2022.05.22"]
[Round "5.7"]
[White "Reichel, Norbert"]
[Black "Wrede, Michael"]
[Result "0-1"]
[WhiteElo "2071"]
[BlackElo "2162"]
[PlyCount "92"]
[EventDate "2021.10.10"]
[EventType "team-tourn"]
[EventCountry "GER"]
[WhiteTeam "Erfurt SV Medizin"]
[BlackTeam "Moerlenbach Birkenau Freibauer"]
[WhiteTeamCountry "GER"]
[BlackTeamCountry "GER"]

1. c4 e6 2. Nf3 f5 3. d4 Nf6 4. g3 b6 5. Nc3 Bb4 6. Bg2 Bb7 7. O-O Bxc3 8. bxc3
Qe7 9. Bg5 O-O 10. Qb3 d6 11. Bxf6 Rxf6 12. e3 Nd7 13. Rad1 Kh8 14. Qc2 Rg8 15.
d5 e5 16. Qe2 g5 17. Nd2 Bc8 18. Rde1 f4 19. f3 Nf8 20. Ne4 Rf7 21. g4 Ng6 22.
Nf2 fxe3 23. Qxe3 Ba6 24. Ne4 h6 25. Nd2 Qe8 26. Rf2 Qa4 27. Bf1 Qxa2 28. Ne4
Qa4 29. Nd2 Bc8 30. Ne4 a5 31. h3 Nh4 32. Kh2 Rf4 33. Kg3 Ba6 34. Nd2 Qe8 35.
Bd3 Rgf8 36. Be4 Qf7 37. Ref1 Kg7 38. Bd3 Ng6 39. Rh1 Nh4 40. Rhf1 Bc8 41. Be4
Bd7 42. c5 bxc5 43. Rb1 Ra8 44. c4 a4 45. Qa3 Qe7 46. Bc2 Rd4 0-1

[Event "Oberliga Ost B"]
[Site "?"]
[Date "2022.05.22"]
[Round "5.8"]
[White "Schiffer, Steve"]
[Black "Kohl, Gerald"]
[Result "1-0"]
[WhiteElo "2069"]
[BlackElo "1759"]
[PlyCount "69"]
[EventDate "2021.10.10"]
[EventType "team-tourn"]
[EventCountry "GER"]
[WhiteTeam "Moerlenbach Birkenau Freibauer"]
[BlackTeam "Erfurt SV Medizin"]
[WhiteTeamCountry "GER"]
[BlackTeamCountry "GER"]

1. e4 e6 2. d4 c5 3. Nf3 cxd4 4. Nxd4 Nc6 5. Be3 d5 6. Bb5 Bd7 7. exd5 Nxd4 8.
Bxd7+ Qxd7 9. Qxd4 Qxd5 10. Qxd5 exd5 11. O-O b6 12. Nc3 O-O-O 13. Rad1 Nf6 14.
Bg5 Be7 15. Rd3 h6 16. Bh4 Rhe8 17. Rfd1 g5 18. Bg3 Bc5 19. Kf1 h5 20. h4 g4
21. Nxd5 Ne4 22. Nf4 Rxd3 23. Rxd3 Nf6 24. Nd5 Ne4 25. b4 Bf8 26. Bf4 f5 27. f3
Nd6 28. Nf6 Re6 29. Nxh5 gxf3 30. gxf3 Nf7 31. c3 Bh6 32. Kf2 b5 33. Rd5 Bxf4
34. Nxf4 Rh6 35. Rxf5 1-0